| 000 | 00921nac a2200277 i 4500 | ||
|---|---|---|---|
| 003 | EG-GICUC | ||
| 005 | 20260121101152.0 | ||
| 008 | 251106b1978 au ||||fr|||| 00| 0 eng d | ||
| 040 |
_a EG-GICUC _beng _c EG-GICUC _d EG-GICUC _erda |
||
| 082 | 0 | 4 |
_221 _a346.6201 |
| 092 | 0 | 4 | _221 |
| 099 | _aLaw 07 1978 | ||
| 245 | 0 | 0 |
_aPromulgating the law on public sector workers regulations : _bLaw no. 48/1978. |
| 246 | 3 | _aLaw no. 48/1978. | |
| 264 |
_aCairo : _bThe middle East library for Economic Serervices, _c1978. |
||
| 300 |
_a63 page ; _c30 cm. |
||
| 336 |
_2rda content _atext |
||
| 337 |
_2rda media _aComputer |
||
| 338 |
_2rda carrier _aOnline Resource |
||
| 650 | 1 | 0 |
_aCivil service _xLaw and legislation |
| 650 | 1 | 0 |
_aPublic officers _xLaw and legislation |
| 650 | 1 | 0 | _aLabor laws and legislation |
| 856 | 4 | 0 | _uhttps://fll.law.cu.edu.eg/fulltext/bks/ENGB07-00057.pdf |
| 905 | _a10 | ||
| 942 |
_2ddc _cBK _e21 _n0 |
||
| 999 |
_c41461 _d41461 |
||